Esa maldita lujuria /
Guardado en:
| Autor Principal: | |
|---|---|
| Formato: | Libro |
| Publicado: |
Buenos Aires :
Planeta,
1992
|
| Series: | Biblioteca del Sur
|
| Materias: | |
| Etiquetas: |
Agregar Etiqueta
Sin Etiquetas, Sea el primero en etiquetar este registro!
|
| LEADER | 00607nam a22002175a 4500 | ||
|---|---|---|---|
| 001 | CEM.cems014095 | ||
| 005 | 20130918162042.0 | ||
| 008 | 130507s1992##################000#0#####d | ||
| 003 | CEMS | ||
| 020 | |a 9507422234 | ||
| 082 | 0 | 4 | |a A863.4 |
| 100 | 1 | |a Brailovsky, Antonio Elio | |
| 245 | 1 | 0 | |a Esa maldita lujuria / |c Antonio Elio Brailovsky |
| 260 | |a Buenos Aires : |b Planeta, |c 1992 | ||
| 300 | |a 188 p. | ||
| 490 | 0 | |a Biblioteca del Sur | |
| 653 | |a Literatura argentina | ||
| 653 | |a Novela | ||
| 653 | |a Narración | ||
| 653 | |a Novela histórica | ||
| 859 | |a CEMS |b BIB. CEMS - 11 de abril |h A863.4 |i B73 |p 26720.13 |t Ej.1 | ||
